| 000 | 00554cam a2200217 4500 | ||
|---|---|---|---|
| 001 | J3969 | ||
| 008 | 090401t xxu||||| |||| 00| 0 eng d | ||
| 035 | _a(Sirsi) u57751 | ||
| 041 | _aeng | ||
| 050 | _a333.33025 | ||
| 245 | 4 | _aThe property companies` year book for 1928. | |
| 260 |
_aLondon _bSimpkin Marshall Ltd. _c1928? |
||
| 300 | _a323p. ; 21cm. | ||
| 350 | _a0 | ||
| 650 | _aDIRECTORIES | ||
| 650 | _aPROPERTY COMPANIES YEAR BOOK | ||
| 650 | _aPROPERTY COMPANIES | ||
| 700 |
_aOrnstien, Alfred _xEditor |
||
| 942 | _n0 | ||
| 948 | _c04/03/1997 | ||
| 999 |
_c93971 _d93971 |
||